| 000 | 00463 a2200109 4500 | ||
|---|---|---|---|
| 001 | ART_47865 | ||
| 005 | 20260410162013.0 | ||
| 008 | 260409a | ||
| 245 | 1 | 0 | _aLas autoridades de aplicación en las políticas de igualdad y no violencia respecto de las mujeres y niñas (y una visión balanceada de la estructura estatal) |
| 100 | 1 | _aCaputi, María Claudia | |
| 773 | 0 |
_tTemas de derecho administrativo _g- Año 3, N° 11 (nov. 2018) _wREV40468 |
|
| 999 |
_c32423 _d32423 |
||